000
00324nam a22001457a 4500
003
SGT
020
_a
978-0-500-20460-3
082
_a
747
_b
MAS
100
_a
MASSEY, ANNE
245
_a
INTERIOR DESIGN SINCE 1900
260
_a
UK.
_b
THAMES & HUDSON
_c
2020
300
_a
271
650
_a
INTERIOR DESIGN
942
_2
ddc
_c
BK
999
_c
33208
_d
33208